Niečo o liečivých rastlinách

Bibliographic Details
Main Author: Greschik, Viktor, 1862-1946 (Author)
Format: Article
Language:Slovak

MARC

LEADER 00000nab a2200000 a 4500
001 vtls011113089
003 SK-MaSNL
005 20260303150634.0
008 230222|1942 xo |||||||||||||||||slo|
015 |a SNBRB 
035 |a (uuid)36f15425-328e-4693-bc5e-63ed1599d7b3 
035 |a (urnnbn)urn:nbn:sk:snk:ar-a08h7d 
035 |a urn:nbn:sk:snk-ab9jn7 
040 |a SNKBUCL  |b slo  |c SNKBUCL  |e AACR2 
041 0 |a slo 
044 |a xo  |c SK 
100 1 |a Greschik, Viktor,  |d 1862-1946  |4 aut  |9 133277 
245 1 0 |a Niečo o liečivých rastlinách  |c Viktor Greschik 
773 0 |t Slovenské liečivé rastliny  |g Roč. 2, č. 11-12 (1942), s. 366-374 
954 |a odborná, vedecká literatúra pôvodná (slovenská)  |2 lita 
958 |a OND 
958 |a EUIPO 
958 |a article13 
999 |c 2012215  |d 2014145